LEADER 01059nam a2200265 i 4500 001 000000159510 003 CaOOAMICUS 005 20070228000000.0 008 070228s1979 it u000 u ita u 013 $a136873 040 $aSeMil$bita 100 1 $aZorzi, Alvise,$d<1922-2016>.$0(OLS)http://semarc/name/19305 245 13$aLa repubblica del Leone :$bstoria di Venezia /$cAlvise Zorzi. 260 $aMilano :$bRusconi,$c1979. 300 $a756 p., [12] p. di tav. :$bill. ;$c22 cm. 490 0 $aLa storia 500 $aContiene : Nota bibliografica. - Fondo Card. Giovanni Colombo. 650 4$aVenezia - Storia.$0(OLS)http://semarc/subject/2116 830 3$aLa storia [Rusconi].$0(OLS)http://semarc/title/9248 850 $aSeMil 852 $aSeMil$W1$xVenegono$y1$m1O I 131$j111067$B111067$CSeMilBibl$Z2$F120675 $81 941 1 $a3 961 $aLascito: Colombo Card. Giovanni 996 $6245$aLa repubblica del Leone :$bstoria di Venezia$9(OLS)http://semarc/title/141586 996 $6260$aMilano :$bRusconi$9(OLS)http://semarc/publisher/30258 LEADER 00955nam a2200217 i 4500 001 000000199587 003 CaOOAMICUS 005 20110325000000.0 008 110325s2005 it u000 u ita u 013 $a178279 040 $aSeMil$bita 100 1 $aMarcucci, Maria Maddalena .$0(OLS)http://semarc/name/72216 240 13$aLa santidad es amor. Obras espirituales completas.$0(OLS)http://semarc/title/288569 245 13$aLa santità è amore /$cMaria Maddalena Marcucci. 260 $aLucca :$bCasa Madre Sorelle di S. Gemma,$ccopyr. 2005. 300 $a630 p. :$bill. ;$c21 cm. 650 4$aMarcucci, Maria Maddalena .$0(OLS)http://semarc/subject/37486 850 $aSeMil 852 $aSeMil$W1$xVenegono$y1$m1322 2 *$j150135$B150135$CSeMilBibl$Z2$F161487 $81 996 $6245$aLa santità è amore$9(OLS)http://semarc/title/288568 996 $6260$aLucca :$bCasa Madre Sorelle di S. Gemma$9(OLS)http://semarc/publisher/43562